แสดงรายละเอียดบรรณานุกรม
  กลับหน้าหลัก

Brief Record : Get Marc (ISO 2709) : E-mail record : QR code ปิดหน้าต่าง
E-books : เกี่ยวกับ Collections
LEADER 00000nam 2200000uu 4500
001    214287
003     ULIBM
008    020711s2568 th a 000 0 tha d
020    ^a9786166160963
060  4 ^aWY160 ว827ศ 2568
100    ^aวีรติ พงษ์ทิพย์พัฒน์...[และคนอื่นๆ].
245 10 ^aศัพท์ทางการพยาบาลจิตเวช=^bPsychiatric nursing terminology/^cวีรติ พงษ์ทิพย์พัฒน์, ลัดดา แสนสีหา, เกศราภรณ์ ชูพันธ์, วรัญญา แสงพิทักษ์ และภาสินี โทอินทร์
246 31 ^aPsychiatric nursing terminology
260    ขอนแก่น :^bคณะพยาบาลศาสตร์ มหาวิทยาลัยภาคตะวันออกเฉียงเหนือ,^c2568
300    240 หน้า :^bภาพประกอบ ;^c21 ซม.
650  4 ^aการพยาบาลจิตเวชศาสตร์^vคำศัพท์
650  4 ^aจิตเวชศาสตร์^vคำศัพท์
700 0  ^aลัดดา แสนสีหา
700 0  ^aเกศราภรณ์ ชูพันธ์
700 0  ^aวรัญญา แสงพิทักษ์
700 0  ^aภาสินี โทอินทร์
710 2  ^aมหาวิทยาลัยภาคตะวันออกเฉียงเหนือ.^bคณะพยาบาลศาสตร์
999    ^aใช้งานได้ทุกระบบ
รายการนี้ยังไม่มีแท็ก
คุณยังไม่ได้ล็อกอิน คุณสามารถมีกิจกรรมร่วมกับเว็บไซต์ได้ แต่ต้องล็อกอินก่อน ::
  ล็อกอิน
ลำดับที่ ประเภท เลขเรียก สถานที่ สถานะ
1. การพยาบาล (ตำราหลัก)
การพยาบาล (ตำราหลัก)
WY160 ว827ศ 2568 ฉ.1 
  
การพยาบาลจิตเวชและสุขภาพจิต On Shelf
  ขอยืม
2. การพยาบาล (ตำราหลัก)
การพยาบาล (ตำราหลัก)
WY160 ว827ศ 2568 ฉ.2 
  
การพยาบาลจิตเวชและสุขภาพจิต ถูกยืม กำหนดส่งวันที่ 4 มิถุนายน 2569
  จอง
Note:อภินันทนาการ
3. การพยาบาล (ตำราหลัก)
การพยาบาล (ตำราหลัก)
WY160 ว827ศ 2568 ฉ.3 
  
การพยาบาลจิตเวชและสุขภาพจิต On Shelf
  ขอยืม
Note:อภินันทนาการ
4. การพยาบาล (ตำราหลัก)
การพยาบาล (ตำราหลัก)
WY160 ว827ศ 2568 ฉ.4 
  
การพยาบาลจิตเวชและสุขภาพจิต On Shelf
  ขอยืม
Note:อภินันทนาการ
5. การพยาบาล (ตำราหลัก)
การพยาบาล (ตำราหลัก)
WY160 ว827ศ 2568 ฉ.5 
  
การพยาบาลจิตเวชและสุขภาพจิต On Shelf
  ขอยืม
Note:อภินันทนาการ
6. การพยาบาล (ตำราหลัก)
การพยาบาล (ตำราหลัก)
WY160 ว827ศ 2568 ฉ.6 
  
การพยาบาลจิตเวชและสุขภาพจิต On Shelf
  ขอยืม
Note:อภินันทนาการ
7. การพยาบาล (ตำราหลัก)
การพยาบาล (ตำราหลัก)
WY160 ว827ศ 2568 ฉ.7 
  
การพยาบาลจิตเวชและสุขภาพจิต On Shelf
  ขอยืม
Note:อภินันทนาการ
8. การพยาบาล (ตำราหลัก)
การพยาบาล (ตำราหลัก)
WY160 ว827ศ 2568 ฉ.8 
  
การพยาบาลจิตเวชและสุขภาพจิต On Shelf
  ขอยืม
Note:อภินันทนาการ
9. การพยาบาล (ตำราหลัก)
การพยาบาล (ตำราหลัก)
WY160 ว827ศ 2568 ฉ.9 
  
การพยาบาลจิตเวชและสุขภาพจิต On Shelf
  ขอยืม
Note:อภินันทนาการ
10. การพยาบาล (ตำราหลัก)
การพยาบาล (ตำราหลัก)
WY160 ว827ศ 2568 ฉ.10 
  
การพยาบาลจิตเวชและสุขภาพจิต On Shelf
  ขอยืม
11. การพยาบาล (ตำราหลัก)
การพยาบาล (ตำราหลัก)
WY160 ว827ศ 2568 ฉ.11 
  
การพยาบาลจิตเวชและสุขภาพจิต On Shelf
  ขอยืม
12. การพยาบาล (ตำราหลัก)
การพยาบาล (ตำราหลัก)
WY160 ว827ศ 2568 ฉ.12 
  
การพยาบาลจิตเวชและสุขภาพจิต On Shelf
  ขอยืม
   [แสดง 12/12 รายการ]

BibComment


ยังไม่เคยถูกคอมเมนท์

คอมเมนท์ทรัพยากรรายการนี้
  คอมเมนท์: ศัพท์ทางการพยาบา..
Bib 214287

 
 
 

 Union Library Management : ULibM
Copyright 2026. All Rights Reserved.
скачать бесплатно без регистрации порно красивый секс HD Sex Hindi sex

xxx gou

xxxx

bfxxx

xxxwww

Секса Видео

xxxx

Секса Видео

detube

geilexxx

C99 Shell

worms shell

blod xxx video
Ebony Coed Rihanna Rimes Takes A Dick In Her Young Twat priyaa indian fuck anal and pusssy hardcore indian women xxx desi hardcore fucking part 1 bengalixxxcouple